All-Time Top Scorer of La Liga Teams - Statistics

General Stats
  • This quiz has been taken 91 times
  • The average score is 4 of 20
Answer Stats
Club Nationality Games Goals Time Range Answer % Correct
FC Barcelona Argentinia 778 672 2004 - 2021 Lionel Messi
100%
CF Real Madrid Portugal 292 311 2009 - 2018 Cristiano Ronaldo
99%
Celta Vigo Spain 454 196 2015 - Iago Aspas
49%
Villareal CF Spain 238 105 2018 - Gerard Moreno
30%
RCD Mallorca Cameroon 160 70 2000 - 2004 Samuel Eto`o
25%
FC Girona Uruguay 208 115 2018 - Cristhian Stuani
23%
CA Osasuna Spain 353 60 2012 - 2022 Roberto Torres
19%
FC Sevilla Mali 287 135 2007 - 2012 Frederic Kanoute
8%
Athletic Bilbao Spain 303 283 1940 - 1956 Telmo Zarra
7%
Atletico Madrid Spain 265 123 1964 - 1974 Luis Aragones
5%
RCD Espanyol Barcelona Spain 379 140 2004 - 2010 Raul Tamudo
5%
Betis Sevilla Spain 289 148 2010 - 2017 Ruben Castro
5%
Real Valladolid Spain 155 73 2010 - 2015 Javi Guerra
2%
Getafe CF Spain 163 52 2016 - 2020 Jorge Molina
2%
UD Almeria Argentina 102 48 2010 - 2013 Leonardo Ulloa
2%
Rayo Vallecano Spain 223 53 2008 - 20132016 - 2017 Piti
2%
Real Sociedad Spain 374 162 1973 - 1986 Jesus Maria Satrustegui
1%
Cadiz CF Spain 114 43 2012 - 2015 Juan Villar
1%
CF Valencia Spain 217 191 1939 - 1950 Mundo
1%
Elche CF Spain 232 58 2017 - 2021 Nino
1%
No matching quizzes found
Score Distribution
Percent of People with Each Score
Percentile by Number Answered
Your Score History
You have not taken this quiz